000 01029cam a22002174a 4500
005 20250605164209.0
008 250528s ||||||||||||||||||||||||d
035 _a20156
020 _a7218545
040 _aGR-AtMCL
_bgre
_dGR-AtMCL
_eAACR2
245 1 _aThe Canadian Economy / Structure and Development
250 _a1st
260 _c1972
300 _a200
520 _aThis contemporary volume examines the Canadian Banking and financial system, product markets, labor policy, industrial organization, and the law. Dimensions of the Canadian Economy, Macroeconomics and the Canadian Government, Making Fiscal Policy in Canada, The Canadian Banking and Financial System: Domestic and International Aspects, Canada Product Markets: Structure and Regulation, Canadian Labor Markets and Labor Policy, Canadian Economic Growth, The Question of Foreign Control, Further Reading, Index.
700 1 _aDrummond Ian M
_96208
700 1 _aIrwin-Dorsey Limited
_96209
942 _cBK
999 _c5295
_d5295